000 00758nam a2200253 i 4500
001 C2-0299539
003 PPAK
005 20180728081154.0
008 090809s2007 my a|||| ||||| | may d
020 _a9834224907
040 _aPPAK
_beng
_cPPAK
_erda
082 0 4 _a929.9209595
_223
090 0 0 _a929.9209595
_bKAM
_dKK
090 0 0 _a929.9209595
_bKAM
_dR
100 0 _aKamdi Kamil,
_eauthor
245 1 0 _aMohamed Hamzah :
_bperekacipta Jalur Gemilang, bendera, lambang dan lagu
264 1 _aJohor :
_bPersatuan Sejarah Malaysia ,
_c2007
300 _a246 pages :
_bcolour illustrations ;
_c24 cm
336 _2rdacontent
_atext
337 _2rdamedia
_aunmediated
338 _2rdacarrier
_avolume
650 1 0 _aFlags - Malaysia
942 _ddc
_cB
999 _c103470
_d103470